Science Quiz

Random Science or Celebrity Quiz

The Elements of Fame! Quiz Stats

 Plays Quiz Updated Jan 31, 2018

Also try: Anti-ium-isms
Challenge
Share
Tweet
Embed
Score 0/18 Timer 07:00
0 Plays Today
Hint Element % Correct
The 16th U.S. president, he led the country through the Civil War before his 1865 assassinationAluminium
93.5%
Nobel Peace Prize-winning climate change activist and ex-Vice PresidentSilver
63%
Known as the 'Crocodile Hunter', wildlife expert killed by a stingray in 2006Silicon
54.5%
English mathematician and astronomer who described the three laws of motionIndium
43.1%
'80s rocker known for hits like 'Love Is a Battlefield', 'Heartbreaker', and 'We Belong'Lead
43%
Star of films such as 'Smokey and the Bandit', 'Deliverance', and 'Boogie Nights'Bromine
36.2%
14-time All-Star who formerly played third base for the New York YankeesArgon
35.4%
1700s Scottish economist who wrote 'The Wealth of Nations' and coined the term 'invisible hand'Arsenic
34.3%
German industrialist who famously saved almost 1,200 Jews during World War IIOsmium
33.3%
Hint Element % Correct
Russian composer of 'Swan Lake', 'The Nutcracker', and the '1812 Overture'Platinum
30.6%
American sprinter and long jumper who won nine Olympic golds in the '80s and '90sChlorine
28.4%
Influential African-American stand-up comedian and 'Saturday Night Live' actor from 1990-93Chromium
25.5%
Democratic U.S. Congresswoman who was the first female Speaker of the HouseNeptunium
19.1%
19th-century German philosopher and social scientist who co-developed MarxismIron
19%
Irish writer and dramatist whose plays include 'Waiting for Godot' and 'Endgame'Antimony
12.9%
Copley Medal-winning Danish physicist who has a different element named for himNiobium
11.1%
Prime Minister of Australia from 2007-10 and former Minister for Foreign AffairsKrypton
6.9%
Knighted actor and dramatist who won Oscars for 'Spartacus' and 'Topkapi'Plutonium
5.4%

You're not logged in!

Compare scores with friends on all Sporcle quizzes.
OR
Log In

You Might Also Like...

Show Comments

Extras

Top Quizzes Today


Score Distribution

Your Account Isn't Verified!

In order to create a playlist on Sporcle, you need to verify the email address you used during registration. Go to your Sporcle Settings to finish the process.

Report this User

Report this user for behavior that violates our Community Guidelines.

Details: